A kémia alkotó tudósa

Elmentve itt :
Bibliográfiai részletek
Szerző: Bátyai Jenő
Dokumentumtípus: Cikk
Megjelent: 1985-04-12
Sorozat:Délmagyarország 75 No. 85
Kulcsszavak:Erdey László
Online Access:http://dmarchiv.bibl.u-szeged.hu/91869
LEADER 00442nab a2200157 i 4500
001 delm91869
005 20190912092338.0
008 190912s1985 hu o 0|| hun d
040 |a SZTE Délmagyarország Archívum  |b hun 
041 |a hun 
100 1 |a Bátyai Jenő 
245 1 2 |a A kémia alkotó tudósa  |h [elektronikus dokumentum] /  |c  Bátyai Jenő 
260 |c 1985-04-12 
300 |a 12 
490 0 |a Délmagyarország  |v 75 No. 85 
695 |a Erdey László